Herramientas para el desempeǫ polt̕ico en el m̀bito local gua̕ bs̀ica del concejal : especial referencia a Canarias /

Bibliographic Details
Main Author: Rodrg̕uez Rodrg̕uez, Juan Još
Format: Unknown
Language:Spanish
Published: Madrid : Dijusa, 2004
Edition:2{487} ed., rev. y amp.
Subjects:
Online Access:Acceso restringido

MARC

LEADER 00000ny a22000003n 4500
005 2011060901141.0
008 040401s2004 sp | ||| ||spa
016 7 |a bimoBNE20040324111  |2 SpMaBN 
017 |a D.L.M2420-04 
020 |a 9788495748454 
035 |a 2579 
040 |a SpMaBN  |c SpMaBN  |d vLex 
080 |a 352(460.41).075.2 
090 |c 595  |d 595 
100 1 |a Rodrg̕uez Rodrg̕uez, Juan Još 
245 1 0 |a Herramientas para el desempeǫ polt̕ico en el m̀bito local  |h [Recurso electrn̤ico]  |b gua̕ bs̀ica del concejal : especial referencia a Canarias /  |c Juan Jos ̌Rodrg̕uez Rodrg̕uez 
250 |a 2{487} ed., rev. y amp. 
256 |a Servicio en ln̕ea 
260 |a Madrid :  |b Dijusa,  |c 2004 
300 |a 163 p. ;  |c 17 cm 
504 |a Bibliografa̕: p. [155]-163 
506 1 |a Contenido solo disponible en los productos indicados  |d vLex Global  |d vLex Global (Academic Edition, excluding Law Schools)  |d vLex Global (U.S. Academic Edition, Law Schools)  |d vLex Global (U.S. Academic Edition, excluding Law Schools)  |d vLex Global (Academic Edition, Law Schools) 
650 0 7 |a Administrativo  |2 Tesauro vLex 
650 0 7 |a Acto de gobierno  |2 Tesauro vLex 
650 0 7 |a Actividad administrativa  |2 Tesauro vLex 
650 0 7 |a Acto administrativo  |2 Tesauro vLex 
650 0 7 |a Actos polt̕icos  |2 Tesauro vLex 
740 0 |a vLex Libros (Servicios en ln̕ea) 
856 4 0 |u http://vlex.com/source/2579  |z Acceso restringido 
942 |c BOOK 
999 0 |a Administrative law  |b Madrid